LEADER 01292nam a2200241 i 4500 001 000000007679 003 CaOOAMICUS 005 20180830125438.0 008 180830s1970 fr u000 u und u 040 $aSeMil$bita 100 1 $aBremond, Henri,$d <1865-1933>.$0(OLS)http://semarc/name/3951 245 10$aCorrespondance /$cHenri Bremond et Maurice Blondel ; établie, présentée et annotée par André Blanchet. 260 $aParis :$bAubier-Montaigne,$c1970-1971. 300 $a3 v. ;$c20 cm. 500 $aPosseduto solo il vol. 1. 650 4$aBlondel, Maurice <1861-1949> - Carteggio con H. Bremond.$0(OLS)http://semarc/subject/1248 650 4$aBrémond, Henri - Lettere e carteggi - Carteggio con M. Blondel.$0(OLS)http://semarc/subject/1249 700 1 $aBlanchet, André,$d<1899-1973>.$0(OLS)http://semarc/name/3952 700 1 $aBlondel, Maurice <1861-1949>.$0(OLS)http://semarc/name/3444 773 0 $tÉtudes bremondiennes.$dParis : Aubier-Montaigne, 1967-1975.$w()19777 774 0 $aBremond, Henri <1865-1933>$tCommencements d'une amitié (1897-1904).$dParis : Aubier-Montaigne, 1970.$kÉtudes bremondiennes$g1$w()67804 996 $6245$aCorrespondance$9(OLS)http://semarc/title/936 996 $6260$aParis :$bAubier-Montaigne$9(OLS)http://semarc/publisher/29782 LEADER 00698nas a2200157 i 4500 001 000000033711 003 CaOOAMICUS 005 20180830125450.0 008 180830n it u0 ita u 040 $aSeMil$bita 245 10$aCorso di Cultura Religiosa per Uomini di A.C. /$cUfficio Catechistico Diocesano. 260 $aMilano :$bPontificia Editrice Arcivescovile Daverio,$c[1958?] 300 $av. ;$c17 cm. 710 0 $aArcidiocesi di Milano : Ufficio catechistico diocesano.$0(OLS)http://semarc/name/7692 996 $6245$aCorso di Cultura Religiosa per Uomini di A.C.$9(OLS)http://semarc/title/402211 996 $6260$aMilano :$bPontificia Editrice Arcivescovile Daverio$9(OLS)http://semarc/publisher/30040